000 00541nam a2200133Ia 4500
008 100328s9999 xx 000 0 und d
082 _b59204
100 _aभणगे सदानंद.
245 _aत्या मयरात्री (संमिश्र एकांकिका).
260 _bआभा.
630 _aत्या मयरात्री (संमिश्र एकांकिका).
730 _aत्या मयरात्री (संमिश्र एकांकिका).
942 _cBOOK
999 _c545457
_d545454